000
00378nam a2200169Ia 4500
008
220531s9999 xx 000 0 und d
041
_a
eng
082
_b
LAL
100
_a
Lall, Ramji
_9
40208
245
_a
Moll Flanders
260
_b
Rama
_c
1999
300
_a
250
542
_d
20-11-1999
650
_a
English
_9
40209
906
_d
1998-1999
999
_c
24179
_d
24179